000 00640nam a2200133Ia 4500
008 220620s9999||||xx |||||||||||||| ||und||
020 _a9789610000000
100 _aOrožen Adamič, Milan||Fridl, Jerneja||Kladnik, Drago||Pavšek, Miha||Perko, Drago||Repolusk, Peter||Urbanc, Mimi
245 0 _aSlovenia in Focus
546 _aEnglish[eng]
650 _ageography||maps||physical geography||regional geography||Slovenia||social geography||družbena geografija||fizična geografija||geografija||regionalna geografija||Slovenija||zemljevidi
856 _uhttps://omp.zrc-sazu.si/zalozba/catalog/view/1436/6032/1335-2
942 _cEB
999 _c23629
_d23629